BUBT Library Online Catalog

Managerial Accouting (Record no. 5583)

000 -LEADER
fixed length control field 00681nam a22002177a 4500
003 - CONTROL NUMBER IDENTIFIER
control field BUBTL
008 - FIXED-LENGTH DATA ELEMENTS--GENERAL INFORMATION
fixed length control field 171204b xxu||||| |||| 00| 0 eng d
020 ## - INTERNATIONAL STANDARD BOOK NUMBER
International Standard Book Number 978-0-07-125952-1
082 ## - DEWEY DECIMAL CLASSIFICATION NUMBER
Classification number 658.1511
Item number GAA
100 ## - MAIN ENTRY--PERSONAL NAME
9 (RLIN) 27
Personal name Garrison, Ray H.
245 ## - TITLE STATEMENT
Title Managerial Accouting
Statement of responsibility, etc. Garrison, Ray H. / Eric W. Noreen /Peter C. Brewer
250 ## - EDITION STATEMENT
Edition statement 14th
260 ## - PUBLICATION, DISTRIBUTION, ETC. (IMPRINT)
Place of publication, distribution, etc. Irwin
Name of publisher, distributor, etc. Mc Graw Hill
Date of publication, distribution, etc. 2012
300 ## - PHYSICAL DESCRIPTION
Extent 762p . :
Other physical details ill , Graph ; 25cm .
Dimensions Accounting .
500 ## - GENERAL NOTE
General note Includes Index .
650 #0 - SUBJECT ADDED ENTRY--TOPICAL TERM
9 (RLIN) 5
Topical term or geographic name as entry element Accounting
700 ## - ADDED ENTRY--PERSONAL NAME
9 (RLIN) 1598
Personal name Garrison, Ray H. / Eric W. Noreen /Peter C. Brewer
856 ## - ELECTRONIC LOCATION AND ACCESS
Password 0
Logon 0
Link text Download
942 ## - ADDED ENTRY ELEMENTS (KOHA)
Source of classification or shelving scheme
Koha item type Books
Holdings
Withdrawn status Lost status Source of classification or shelving scheme Damaged status Not for loan Collection code Permanent location Current location Shelving location Date acquired Total Checkouts Full call number Barcode Date last seen Copy number Price effective from Koha item type Date last checked out Source of acquisition Inventory number Checked out
          Non-fiction Bangladesh University of Business and Technology Library Bangladesh University of Business and Technology Library Accounting Stacks 12/04/2017   658.1511 GAA BUBTL-200319176 12/04/2017 C-1 12/04/2017 Books        
          Non-fiction Bangladesh University of Business and Technology Library Bangladesh University of Business and Technology Library Accounting Stacks 12/04/2017   658.1511 GAA BUBTL-200319175 12/04/2017 C-2 12/04/2017 Books        
          Non-fiction Bangladesh University of Business and Technology Library Bangladesh University of Business and Technology Library Accounting Stacks 12/04/2017   658.1511 GAA BUBTL-200319187 12/04/2017 C-3 12/04/2017 Books        
        Not For Loan Non-fiction Bangladesh University of Business and Technology Library Bangladesh University of Business and Technology Library Accounting Stacks 12/04/2017   658.1511 GAA BUBTL-200319185 12/04/2017 C-4 12/04/2017 Books        
          Non-fiction Bangladesh University of Business and Technology Library Bangladesh University of Business and Technology Library Accounting Stacks 12/04/2017 3 658.1511 GAA BUBTL-200319174 05/19/2022 C-5 12/04/2017 Books 05/12/2022      
          Non-fiction Bangladesh University of Business and Technology Library Bangladesh University of Business and Technology Library Accounting Stacks 11/08/2014 2 658.1511 GAA BUBTL-200319183 07/14/2024 C-6 05/23/2022 Books 07/14/2024 Purchase 19183 07/21/2024

More Information About Library

Library Hours

  • Open: 9.00 am. to 9.00 pm.
  • Only Sunday: 9.00 am. to 6.00 pm.
  • Closed: Holiday

Contact to the University

Bangladesh University of Business and Technology Library

  • Mirpurl-2, 1216.
  • Phone:
  • Fax:
  • E-Mail: admin.library@bubt.edu.bd

Contact to the Library

Contact Person:

Md. Abdul Hakim Shah
Joint Librarian
PABX No:  113
Cell No: 01816332931
E-mail: official: admin.library@bubt.edu.bd
Personal: hakim.shah@bubt.edu.bd


BUBT Library

Copyright © 2021